000
00336nam a2200145Ia 4500
008
230718s9999 xx 000 0 und d
041
_a
Eng.
082
_a
34242
_b
JAI-P
100
_a
Jaim, M.P
245
0
_a
Principles of Administration
260
_a
Pakistan
_b
Key law repoter
_c
2002
300
_a
72
650
_a
Law
999
_c
28561
_d
28561